000 00293 a2200109 4500
001 ART_31492
005 20260410161707.0
008 260409a
245 1 0 _aLa renta del ahorro
100 1 _aRosembuj, Tulio R.
773 0 _tRevista Impuestos
_g- NÂș 2 (ene. 2007)
_wREV639
999 _c15720
_d15720